|
|
|
|
| LEADER |
00000nab a2200000 a 4500 |
| 001 |
vtls000641236 |
| 003 |
SK-MaSNL |
| 005 |
20260304085116.0 |
| 008 |
250425c1997 xo 0 slo |
| 015 |
|
|
|a SNBRB19rr/mm-uuuuu
|
| 035 |
|
|
|a CL0641375
|
| 035 |
|
|
|a urn:nbn:sk:snk-abf343
|
| 035 |
|
|
|a (urnnbn)urn:nbn:sk:snk:ar-0050e1
|
| 035 |
|
|
|a (uuid)556ccc7c-bd4a-47fe-acd0-48920a4383d6
|
| 040 |
|
|
|a SNKBUCL
|b slo
|c SNKBUCL
|e AACR2
|
| 041 |
0 |
|
|a slo
|
| 044 |
|
|
|a xo
|c SK
|
| 080 |
|
|
|a 82(091):885.4"19"
|2 1981
|
| 080 |
|
|
|a 885.4(091)"19"
|2 1981
|
| 080 |
|
|
|a 82.033:885.4-1
|2 1981
|
| 080 |
|
|
|a 885.4-1.033
|2 1981
|
| 100 |
1 |
|
|a Čičmanec, Ivan,
|d 1942-
|4 aut
|9 11344
|
| 245 |
1 |
0 |
|a Ján Ondruš ako postkresťanský básnik
|c Ivan Čičmanec
|
| 600 |
1 |
7 |
|a Ondruš, Ján,
|d 1932-2000
|2 snkbucl
|9 246127
|
| 655 |
|
7 |
|a články z novín a časopisov
|2 snkbucl
|9 267496
|
| 773 |
0 |
|
|t Slovenská literatúra
|g Roč. 44, č. 4 (1997), s. 300-304
|
| 850 |
|
|
|a Slovenská národná knižnica
|
| 852 |
|
|
|a Slovenská národná knižnica
|
| 954 |
|
|
|a odborná, vedecká literatúra pôvodná (slovenská)
|2 lita
|
| 958 |
|
|
|a article27
|
| 958 |
|
|
|a LX
|
| 958 |
|
|
|a SK
|
| 958 |
|
|
|a NO
|
| 958 |
|
|
|a RK
|
| 958 |
|
|
|a OND
|
| 958 |
|
|
|a EUIPO
|
| 992 |
|
|
|a RBX
|
| 999 |
|
|
|c 2806549
|d 2808479
|